| 000 | 00749cam a22002413a 4500 | ||
|---|---|---|---|
| 001 | 34353 | ||
| 003 | PGUSA | ||
| 005 | 20140828083736.0 | ||
| 008 | 101117s2010||||xxu|||||s|||||000 | eng d | ||
| 040 |
_aPGUSA _beng |
||
| 042 | _adc | ||
| 050 | 4 | _aQH | |
| 100 | 1 | _aMcGregor, Ronald L. | |
| 245 | 1 | 4 |
_aThe Forest Habitat of the University of Kansas Natural History Reservation _h[electronic resource] / _cRonald L. McGregor |
| 260 |
_bProject Gutenberg, _c2010 |
||
| 506 | _aPublic domain in the USA. | ||
| 516 | _aElectronic text | ||
| 653 | _aForest reserves -- Kansas | ||
| 653 | _aUniversity of Kansas. Natural History Reservation | ||
| 830 | 0 |
_aProject Gutenberg _v34353 |
|
| 856 | 4 | 0 | _uhttp://www.gutenberg.org/ebooks/34353 |
| 942 | _cEB | ||
| 999 |
_c263608 _d263608 |
||